000 01050nam a2200277 a 4500
999 _c333681
_d333681
003 BLK
005 20250623131349.0
008 190806b bu ||||| |||| 00| 0 bu d
020 _a9789542722250
040 _aBLK
041 _aBUL
_cBUL
080 _aИздания за деца и юноши. Книжки-картинки. Читанки. Вж и 372.4
_b087.5
_z087.5
080 _z821-93
139 _aРалф разбива интернета
_bР 32
240 _aRalph breaks the Internet
245 _aРалф разбива интернета
_cпрев. от англ. Габриела Каменова
260 _9209434
_aСофия
_bЕгмонт България
_c2018
300 _a64 с.
_bс цв. ил
_c 23 см
380 _aDN
490 _9205392
_aЕгмонт Чародейства
700 _9385863
_aКаменова, Габриела Цветанова
_eпрев.
852 _aЦб 296256
942 _cKNG
_n0
_s1
_045
944 _aCR
_c2019-08-06
_k30551
_lБояна Костадинова
999 _d333681